Statistics for All British Grand Prix Winners

Click here to take the quiz!

General Stats

  • This quiz has been taken 5 times
  • The average score is 54 of 79

Answer Stats

YearLocationConstructorNationalityDriver% Correct
1988SilverstoneMcLaren-HondaBrazilAyrton Senna
100%
1994SilverstoneWilliams-RenaultUnited KingdomDamon Hill
100%
2000SilverstoneMcLaren-MercedesUnited KingdomDavid Coulthard
100%
1999SilverstoneMcLaren-MercedesUnited KingdomDavid Coulthard
100%
2011SilverstoneFerrariSpainFernando Alonso
100%
2006SilverstoneRenaultSpainFernando Alonso
100%
2017SilverstoneMercedesUnited KingdomLewis Hamilton
100%
2020SilverstoneMercedesUnited KingdomLewis Hamilton
100%
2016SilverstoneMercedesUnited KingdomLewis Hamilton
100%
2021SilverstoneMercedesUnited KingdomLewis Hamilton
100%
2019SilverstoneMercedesUnited KingdomLewis Hamilton
100%
2008SilverstoneMcLaren-MercedesUnited KingdomLewis Hamilton
100%
2015SilverstoneMercedesUnited KingdomLewis Hamilton
100%
2014SilverstoneMercedesUnited KingdomLewis Hamilton
100%
2013SilverstoneMercedesUnited KingdomLewis Hamilton
100%
2004SilverstoneFerrariGermanyMichael Schumacher
100%
1998SilverstoneFerrariGermanyMichael Schumacher
100%
2002SilverstoneFerrariGermanyMichael Schumacher
100%
1986Brands HatchWilliams-HondaUnited KingdomNigel Mansell
100%
1987SilverstoneWilliams-HondaUnited KingdomNigel Mansell
100%
1992SilverstoneWilliams-RenaultUnited KingdomNigel Mansell
100%
1991SilverstoneWilliams-RenaultUnited KingdomNigel Mansell
100%
1976Brands HatchFerrariAustriaNiki Lauda
100%
1984Brands HatchMcLaren-TAGAustriaNiki Lauda
100%
1982Brands HatchMcLaren-FordAustriaNiki Lauda
100%
1957AintreeVanwallUnited KingdomStirling Moss
100%
1955AintreeMercedesUnited KingdomStirling Moss
100%
1990SilverstoneFerrariFranceAlain Prost
80%
1989SilverstoneMcLaren-HondaFranceAlain Prost
80%
1993SilverstoneWilliams-RenaultFranceAlain Prost
80%
1985SilverstoneMcLaren-TAGFranceAlain Prost
80%
1983SilverstoneRenaultFranceAlain Prost
80%
1975SilverstoneMcLaren-FordBrazilEmerson Fittipaldi
80%
1972Brands HatchLotus-FordBrazilEmerson Fittipaldi
80%
1959AintreeCooper-ClimaxAustraliaJack Brabham
80%
1966Brands HatchBrabham-RepcoAustraliaJack Brabham
80%
1960SilverstoneCooper-ClimaxAustraliaJack Brabham
80%
1971SilverstoneTyrrell-FordUnited KingdomJackie Stewart
80%
1969SilverstoneMatra-FordUnited KingdomJackie Stewart
80%
1977SilverstoneMcLaren-FordUnited KingdomJames Hunt
80%
1956SilverstoneLancia-FerrariArgentinaJuan Manuel Fangio
80%
2010SilverstoneRed Bull-RenaultAustraliaMark Webber
80%
2012SilverstoneRed Bull-RenaultAustraliaMark Webber
80%
2001SilverstoneMcLaren-MercedesFinlandMika Häkkinen
80%
1980Brands HatchWilliams-FordAustraliaAlan Jones
60%
1997SilverstoneWilliams-RenaultCanadaJacques Villeneuve
60%
1996SilverstoneWilliams-RenaultCanadaJacques Villeneuve
60%
1962AintreeLotus-ClimaxUnited KingdomJim Clark
60%
1964Brands HatchLotus-ClimaxUnited KingdomJim Clark
60%
1963SilverstoneLotus-ClimaxUnited KingdomJim Clark
60%
1965SilverstoneLotus-ClimaxUnited KingdomJim Clark
60%
1967SilverstoneLotus-FordUnited KingdomJim Clark
60%
1970Brands HatchLotus-FordAustriaJochen Rindt
60%
1974Brands HatchTyrrell-FordSouth AfricaJody Scheckter
60%
1995SilverstoneBenetton-RenaultUnited KingdomJohnny Herbert
60%
2007SilverstoneFerrariFinlandKimi Räikkönen
60%
2003SilverstoneFerrariBrazilRubens Barrichello
60%
2009SilverstoneRed Bull-RenaultGermanySebastian Vettel
60%
2018SilverstoneFerrariGermanySebastian Vettel
60%
1953SilverstoneFerrariItalyAlberto Ascari
40%
1952SilverstoneFerrariItalyAlberto Ascari
40%
1978Brands HatchFerrariArgentinaCarlos Reutemann
40%
2022SilverstoneFerrariSpainCarlos Sainz Jr.
40%
1979SilverstoneWilliams-FordSwitzerlandClay Regazzoni
40%
1950SilverstoneAlfa RomeoItalyGiuseppe Farina
40%
1954SilverstoneFerrariArgentinaJosé Froilán González
40%
1951SilverstoneFerrariArgentinaJosé Froilán González
40%
2005SilverstoneMcLaren-MercedesColombiaJuan Pablo Montoya
40%
1981SilverstoneMcLaren-FordUnited KingdomJohn Watson
20%
1948SilverstoneMaseratiItalyLuigi Villoresi
20%
1957AintreeVanwallUnited KingdomTony Brooks
20%
1961AintreeFerrariWest GermanyWolfgang von Trips
20%
1949SilverstoneMaseratiSwitzerlandEmmanuel de Graffenried
0%
1968Brands HatchLotus-FordSwitzerlandJo Siffert
0%
1926BrooklandsDelageFranceLouis Wagner
0%
1958SilverstoneFerrariUnited KingdomPeter Collins
0%
1973SilverstoneMcLaren-FordUnited StatesPeter Revson
0%
1927BrooklandsDelageFranceRobert Benoist
0%
1926BrooklandsDelageFranceRobert Sénéchal
0%

Score Distribution

Percentile by Number Answered

Percent of People with Each Score

Your Score History

You have not taken this quiz